000 00256nam a22001217a 4500
008 170905b xxu||||| |||| 00| 0 eng d
041 _aalb
080 _a61
100 _a04
101 _aMK
245 _aEMBRIOLOGJIA E NJERIUT
_cCICO,S
942 _2udc
_cBK
999 _c26108
_d26108